[Event "Martigny op 22nd"]
[Site "Martigny"]
[Date "2013.08.04"]
[Round "5"]
[White "Bauer, Christian"]
[Black "Lehmann, Andreas"]
[Result "1-0"]
[WhiteElo "2633"]
[BlackElo "2249"]
[PlyCount "71"]
[EventDate "2013.08.02"]
[EventType "swiss"]
[EventRounds "7"]
[EventCountry "SUI"]
[SourceTitle "EXT 2017"]
[Source "ChessBase"]
[SourceDate "2016.10.25"]
[SourceVersion "1"]
[SourceVersionDate "2016.10.25"]
[SourceQuality "1"]

1. c4 e5 2. Nc3 Nc6 3. g3 g6 4. Bg2 Bg7 5. d3 d6 6. Rb1 f5 7. e3 Nf6 8. Nge2 0-0 9. 0-0 Be6 10. b3 Bf7 11. e4 Rb8 12. h3 Qd7 13. Kh2 a6 14. Be3 Nh5 15. Nd5 Ne7 16. f4 Nxd5 17. cxd5 exf4 18. Nxf4 Nxf4 19. Bxf4 fxe4 20. dxe4 Qe7 21. Qd2 Be8 22. Bg5 Qe5 23. Rxf8+ Bxf8 24. Rc1 c5 25. Bf4 Qg7 26. Re1 Qc7 27. e5 dxe5 28. Bxe5 Bd6 29. Bxd6 Qxd6 30. Re6 Qf8 31. d6 Rd8 32. Bxb7 Bf7 33. Rf6 Qe8 34. Bd5 Bxd5 35. Qxd5+ Kg7 36. Re6 1-0

[Event "SUI-chT"]
[Site "Switzerland"]
[Date "2010.06.27"]
[Round "5.5"]
[White "Landenbergue, Claude"]
[Black "Lehmann, Andreas"]
[Result "1-0"]
[WhiteElo "2415"]
[BlackElo "2321"]
[PlyCount "55"]
[EventDate "2010.02.14"]
[EventType "team-tourn"]
[EventRounds "9"]
[EventCountry "SUI"]
[SourceTitle "EXT 2011"]
[Source "ChessBase"]
[SourceDate "2010.11.26"]
[SourceVersion "1"]
[SourceVersionDate "2010.11.26"]
[SourceQuality "1"]
[WhiteTeam "Geneve"]
[BlackTeam "Bern"]
[WhiteTeamCountry "SUI"]
[BlackTeamCountry "SUI"]

1. e4 c5 2. c3 Nf6 3. e5 Nd5 4. Nf3 Nc6 5. d4 cxd4 6. cxd4 d6 7. Bc4 e6 8. 0-0 Nb6 9. Bd3 Be7 10. Nc3 a6 11. a3 dxe5 12. dxe5 Nd5 13. Nxd5 Qxd5 14. Qe2 Nd4 15. Nxd4 Qxd4 16. Rd1 Qa4 17. Bc2 Qc6 18. Bf4 0-0 19. Rac1 Qb6 20. b4 Rd8 21. Bd3 Rd5 22. Be3 Qd8 23. Qc2 g6 24. Be4 Rd7 25. Rxd7 Qxd7 26. Rd1 Qb5 27. Qc7 Qe2 28. Bf3 1-0

[Event "SUI-ch"]
[Site "Graechen"]
[Date "2009.07.17"]
[Round "9"]
[White "Klauser, Markus"]
[Black "Lehmann, Andreas"]
[Result "1-0"]
[WhiteElo "2386"]
[BlackElo "2297"]
[PlyCount "59"]
[EventDate "2009.07.09"]
[EventType "swiss"]
[EventRounds "9"]
[EventCountry "SUI"]
[SourceTitle "CBM 131 Extra"]
[Source "ChessBase"]
[SourceDate "2009.09.03"]
[SourceVersion "2"]
[SourceVersionDate "2009.09.16"]
[SourceQuality "1"]

1. e4 c6 2. d4 d5 3. e5 Bf5 4. Nf3 e6 5. Be2 c5 6. 0-0 Nc6 7. Be3 Qb6 8. Nc3 Qxb2 9. Nb5 Rc8 10. c4 dxc4 11. Bxc4 Qb4 12. Rc1 cxd4 13. a3 Qa5 14. Nfxd4 a6 15. Nd6+ Bxd6 16. exd6 Nf6 17. Bd2 Qe5 18. Bc3 Nxd4 19. Bxd4 Qxd6 20. Bxf6 Qxd1 21. Rfxd1 0-0 22. Be7 Rfe8 23. Bb4 Be4 24. f3 Bc6 25. Bb3 h6 26. Kf2 Ra8 27. Ba5 Rac8 28. Rc3 e5 29. Bd5 Ba4 30. Rdc1 1-0

[Event "SUI-ch"]
[Site "Graechen"]
[Date "2009.07.16"]
[Round "8"]
[White "Lehmann, Andreas"]
[Black "Hasenohr, Benedict"]
[Result "1-0"]
[WhiteElo "2297"]
[BlackElo "2080"]
[PlyCount "93"]
[EventDate "2009.07.09"]
[EventType "swiss"]
[EventRounds "9"]
[EventCountry "SUI"]
[SourceTitle "CBM 131 Extra"]
[Source "ChessBase"]
[SourceDate "2009.09.03"]
[SourceVersion "2"]
[SourceVersionDate "2009.09.16"]
[SourceQuality "1"]

1. Nf3 d5 2. g3 Bf5 3. Bg2 e6 4. 0-0 Nf6 5. c4 c6 6. Qb3 Qb6 7. d4 Nbd7 8. Nc3 Be7 9. c5 Qa6 10. Nh4 Nf8 11. Nxf5 exf5 12. Qc2 Ne6 13. e3 g6 14. Bd2 0-0 15. Rfb1 b6 16. b4 Rfc8 17. b5 cxb5 18. Nxd5 Nxd5 19. Bxd5 Rab8 20. c6 Rc7 21. Bg2 Rd8 22. Qb2 Bg5 23. h4 Bh6 24. d5 Nc5 25. Qe5 Qc8 26. Bc3 f6 27. Qd4 Rxc6 28. dxc6 Rxd4 29. Bxd4 Bf8 30. Rxb5 Ne4 31. Bxe4 fxe4 32. Rc1 Bc5 33. Bxc5 Qxc6 34. a4 bxc5 35. Rcxc5 Qd7 36. Rd5 Qc7 37. Rd4 Qc6 38. Rbd5 Kg7 39. g4 Kh6 40. Rd6 Qc1+ 41. Kg2 Qc8 42. Rxe4 f5 43. Re7 fxg4 44. Rdd7 Qc6+ 45. e4 g5 46. Rxh7+ Kg6 47. h5+ 1-0

[Event "Lenk op 21st"]
[Site "Lenk"]
[Date "2009.04.11"]
[Round "5"]
[White "Lehmann, Andreas"]
[Black "Georgiadis, Nico"]
[Result "1/2-1/2"]
[WhiteElo "2273"]
[BlackElo "2056"]
[PlyCount "74"]
[EventDate "2009.04.09"]
[EventType "swiss"]
[EventRounds "7"]
[EventCountry "SUI"]
[SourceTitle "CBM 130 Extra"]
[Source "ChessBase"]
[SourceDate "2009.07.02"]
[SourceVersion "2"]
[SourceVersionDate "2009.07.15"]
[SourceQuality "1"]

1. e4 c5 2. Nf3 d6 3. Bb5+ Bd7 4. Bxd7+ Qxd7 5. 0-0 Nc6 6. c3 Nf6 7. d4 Nxe4 8. d5 Ne5 9. Re1 Nxf3+ 10. Qxf3 Nf6 11. c4 e5 12. dxe6 fxe6 13. Nc3 Be7 14. Bg5 0-0 15. Qh3 h6 16. Qxe6+ Qxe6 17. Rxe6 Kf7 18. Rae1 Rfe8 19. Bf4 Bf8 20. Rxe8 Rxe8 21. Rd1 a6 22. f3 Re6 23. h4 Be7 24. g4 Ke8 25. a3 Kd7 26. Kg2 Ne8 27. Ne4 Kc6 28. h5 Nf6 29. Nc3 Nd7 30. b4 b5 31. cxb5+ axb5 32. bxc5 Nxc5 33. Rb1 Nd3 34. Bg3 d5 35. Nxb5 Bc5 36. a4 Re2+ 37. Kf1 Ra2 1/2-1/2

[Event "Biel MTO op 41st"]
[Site "Biel"]
[Date "2008.07.24"]
[Round "4"]
[White "Hug, Werner"]
[Black "Lehmann, Andreas"]
[Result "1-0"]
[WhiteElo "2437"]
[BlackElo "2258"]
[PlyCount "51"]
[EventDate "2008.07.21"]
[EventType "swiss"]
[EventRounds "11"]
[EventCountry "SUI"]
[SourceTitle "CBM 125 Extra"]
[Source "ChessBase"]
[SourceDate "2008.09.01"]
[SourceVersion "1"]
[SourceVersionDate "2008.09.01"]
[SourceQuality "1"]

1. d4 d5 2. c3 Nf6 3. Bf4 c6 4. e3 Bf5 5. Bd3 Bxd3 6. Qxd3 e6 7. Nd2 Bd6 8. Bg5 Nbd7 9. Ngf3 0-0 10. 0-0 Re8 11. c4 e5 12. cxd5 e4 13. Nxe4 Rxe4 14. Qxe4 Nxe4 15. Bxd8 Rxd8 16. dxc6 bxc6 17. Rac1 Rc8 18. Rfd1 c5 19. dxc5 Rxc5 20. Rxc5 Ndxc5 21. Ng5 Be7 22. Nxe4 Nxe4 23. Rd7 Kf8 24. Rxa7 Ke8 25. b4 Nc3 26. a3 1-0

[Event "Lugano New op 2nd"]
[Site "Lugano"]
[Date "2008.03.14"]
[Round "4"]
[White "Lehmann, Andreas"]
[Black "Paleologu, Vladimir"]
[Result "1/2-1/2"]
[WhiteElo "2261"]
[BlackElo "2147"]
[PlyCount "47"]
[EventDate "2008.03.13"]
[EventType "swiss"]
[EventRounds "7"]
[EventCountry "SUI"]
[SourceTitle "EXT 2010"]
[Source "ChessBase"]
[SourceDate "2010.11.25"]
[SourceVersion "1"]
[SourceVersionDate "2010.11.25"]
[SourceQuality "1"]

1. e4 e5 2. Nf3 d6 3. d4 Qe7 4. Nc3 c6 5. g3 g6 6. Bg2 Bh6 7. Bxh6 Nxh6 8. Qd2 Ng4 9. 0-0-0 Nd7 10. h3 Ngf6 11. dxe5 dxe5 12. Kb1 0-0 13. Qd6 Re8 14. Qxe7 Rxe7 15. Nd2 Nb6 16. Nb3 Be6 17. Nc5 Rb8 18. Rd2 Nfd7 19. Nxe6 Rxe6 20. Rhd1 Nc5 21. b3 Ree8 22. a4 a5 23. Kb2 Kf8 24. Ne2 1/2-1/2

[Event "Zuerich op-A 31th"]
[Site "Zuerich"]
[Date "2007.12.27"]
[Round "3"]
[White "Frick, Renato"]
[Black "Lehmann, Andreas"]
[Result "1/2-1/2"]
[WhiteElo "2153"]
[BlackElo "2252"]
[PlyCount "50"]
[EventDate "2007.12.26"]
[EventType "swiss"]
[EventRounds "7"]
[EventCountry "SUI"]
[SourceTitle "CBM 122 Extra"]
[Source "ChessBase"]
[SourceDate "2008.03.04"]
[SourceVersion "1"]
[SourceVersionDate "2008.03.04"]
[SourceQuality "1"]

1. e4 c5 2. Nf3 Nc6 3. d4 cxd4 4. Nxd4 Nf6 5. Nc3 e5 6. Ndb5 d6 7. Bg5 a6 8. Na3 b5 9. Nd5 Be7 10. Bxf6 Bxf6 11. c3 Ne7 12. Ne3 0-0 13. Bd3 Bb7 14. Qf3 Bg5 15. Nf5 g6 16. Nxe7+ Qxe7 17. Rd1 d5 18. Qe2 b4 19. Nb1 bxc3 20. bxc3 Rfd8 21. 0-0 d4 22. Bc4 a5 23. cxd4 exd4 24. f4 Bh6 25. Bd3 Rac8 1/2-1/2

[Event "Wch U18"]
[Site "Kemer"]
[Date "2007.11.28"]
[Round "11"]
[White "Lehmann, Andreas"]
[Black "Viela, Andre Filipe Folha"]
[Result "1/2-1/2"]
[WhiteElo "2252"]
[BlackElo "2135"]
[PlyCount "34"]
[EventDate "2007.11.18"]
[EventType "swiss"]
[EventRounds "11"]
[EventCountry "TUR"]
[SourceTitle "CBM 121 Extra"]
[Source "ChessBase"]
[SourceDate "2008.01.10"]
[SourceVersion "1"]
[SourceVersionDate "2008.01.10"]
[SourceQuality "1"]

1. e4 c5 2. Nf3 d6 3. Bb5+ Nc6 4. d4 cxd4 5. Qxd4 Bd7 6. Bxc6 Bxc6 7. Nc3 e5 8. Qd3 h6 9. 0-0 Nf6 10. a4 Be7 11. Qe2 0-0 12. Rd1 Qc8 13. h3 Rd8 14. Bd2 b6 15. b4 Qb7 16. Re1 a6 17. Nh2 b5 1/2-1/2

[Event "Wch U18"]
[Site "Kemer"]
[Date "2007.11.21"]
[Round "4"]
[White "Shamsi, Mohammadhossein"]
[Black "Lehmann, Andreas"]
[Result "1-0"]
[WhiteElo "2120"]
[BlackElo "2252"]
[PlyCount "75"]
[EventDate "2007.11.18"]
[EventType "swiss"]
[EventRounds "11"]
[EventCountry "TUR"]
[SourceTitle "CBM 121 Extra"]
[Source "ChessBase"]
[SourceDate "2008.01.10"]
[SourceVersion "1"]
[SourceVersionDate "2008.01.10"]
[SourceQuality "1"]

1. e4 c5 2. Nf3 Nc6 3. d4 cxd4 4. Nxd4 Nf6 5. Nc3 e5 6. Ndb5 d6 7. Nd5 Nxd5 8. exd5 Nb8 9. c4 Be7 10. Bd3 a6 11. Nc3 0-0 12. 0-0 f5 13. f3 Nd7 14. Be3 g6 15. Qd2 b6 16. b4 Bb7 17. Rac1 Rc8 18. Rc2 Bf6 19. Rfc1 Kh8 20. Na4 Re8 21. Bf1 f4 22. Bf2 e4 23. fxe4 Rxe4 24. Bd3 Re8 25. Qxf4 Be5 26. Qh6 Bg7 27. Qh3 Ne5 28. Nxb6 Qg5 29. Be2 Rc7 30. Rf1 Rf7 31. c5 Ref8 32. c6 Nxc6 33. dxc6 Rxf2 34. Rxf2 Bd4 35. cxb7 Bxf2+ 36. Kh1 Qe5 37. Qc3 Bxb6 38. Qxe5+ 1-0

[Event "SUI-ch op"]
[Site "Leukerbad"]
[Date "2007.07.20"]
[Round "9"]
[White "Lehmann, Andreas"]
[Black "Jenni, Florian"]
[Result "1/2-1/2"]
[WhiteElo "2248"]
[BlackElo "2527"]
[PlyCount "34"]
[EventDate "2007.07.12"]
[EventType "swiss"]
[EventRounds "9"]
[EventCountry "SUI"]
[SourceTitle "CBM 119 Extra"]
[Source "ChessBase"]
[SourceDate "2007.09.04"]
[SourceVersion "1"]
[SourceVersionDate "2007.09.04"]
[SourceQuality "1"]

1. e4 e5 2. Nf3 Nc6 3. Bb5 a6 4. Bxc6 dxc6 5. 0-0 Qd6 6. d4 exd4 7. Nxd4 Bd7 8. Nc3 0-0-0 9. Be3 Nh6 10. Nde2 Ng4 11. Qxd6 Bxd6 12. Bf4 Ne5 13. b3 f6 14. Rad1 Bc5 15. Na4 Bd6 16. Nb6+ cxb6 17. Rxd6 Nf7 1/2-1/2

[Event "Lenk op 19th"]
[Site "Lenk"]
[Date "2007.04.06"]
[Round "3"]
[White "Lehmann, Andreas"]
[Black "Pavlovic, Milos"]
[Result "0-1"]
[WhiteElo "2200"]
[BlackElo "2534"]
[PlyCount "82"]
[EventDate "2007.04.05"]
[EventType "swiss"]
[EventRounds "7"]
[EventCountry "SUI"]
[SourceTitle "CBM 118 Extra"]
[Source "ChessBase"]
[SourceDate "2007.07.04"]
[SourceVersion "1"]
[SourceVersionDate "2007.07.04"]
[SourceQuality "1"]

1. e4 e5 2. Nf3 Nc6 3. Bb5 a6 4. Bxc6 dxc6 5. 0-0 Qf6 6. d4 exd4 7. Bg5 Qd6 8. Nxd4 Bd7 9. Nc3 Ne7 10. Nb3 Qxd1 11. Raxd1 b6 12. Rd2 0-0-0 13. Rfd1 f6 14. e5 fxe5 15. Ne4 h6 16. Bh4 g5 17. Nf6 Bg7 18. Bxg5 hxg5 19. Nxd7 e4 20. c4 Nf5 21. c5 b5 22. Na5 Nd4 23. Nb3 Nxb3 24. axb3 g4 25. Kf1 Kb7 26. Kg1 Rh5 27. b4 Rf5 28. g3 Bh6 29. Re2 e3 30. fxe3 Rf7 31. Rd4 Rfxd7 32. Rxg4 Rd2 33. Kf2 Rf8+ 34. Ke1 Rd3 35. Re4 Rf3 36. Re6 Bxe3 37. g4 Bg5 38. R2e5 Bh4+ 39. Ke2 Rb3 40. Rh5 Rf2+ 41. Kd1 Rbxb2 0-1

[Event "Winterthur op"]
[Site "Winterthur"]
[Date "2006.10.06"]
[Round "1"]
[White "Srinivasan, VG."]
[Black "Lehmann, Andreas"]
[Result "0-1"]
[WhiteElo "1948"]
[BlackElo "2181"]
[PlyCount "46"]
[EventDate "2006.10.06"]
[EventType "swiss"]
[EventRounds "9"]
[EventCountry "SUI"]
[SourceTitle "EXT 2007"]
[Source "ChessBase"]
[SourceDate "2006.11.23"]
[SourceVersion "1"]
[SourceVersionDate "2006.11.23"]
[SourceQuality "1"]

1. e4 c5 2. Nf3 Nc6 3. d4 cxd4 4. Nxd4 Nf6 5. Nc3 e5 6. Nf3 Bb4 7. Bd2 Bxc3 8. Bxc3 Nxe4 9. Nxe5 Nxc3 10. Nxc6 bxc6 11. bxc3 0-0 12. Be2 Qa5 13. Qd2 Ba6 14. c4 Qc5 15. 0-0 Rad8 16. Qf4 d5 17. Rfb1 d4 18. Rb3 Rfe8 19. Qh4 Bxc4 20. Bxc4 Qxc4 21. Rc1 Qxc2 22. Rcb1 d3 23. R3b2 Qxb2 0-1

[Event "EU-ch U18"]
[Site "Herceg Novi"]
[Date "2006.09.19"]
[Round "9"]
[White "Lehmann, Andreas"]
[Black "Basaraba, Nikola"]
[Result "1/2-1/2"]
[WhiteElo "2139"]
[BlackElo "2173"]
[PlyCount "29"]
[EventDate "2006.09.10"]
[EventType "swiss"]
[EventRounds "9"]
[EventCountry "MNE"]
[SourceTitle "CBM 114 Extra"]
[Source "ChessBase"]
[SourceDate "2006.11.03"]
[SourceVersion "1"]
[SourceVersionDate "2006.11.03"]
[SourceQuality "1"]

1. e4 g6 2. d4 Bg7 3. Nf3 d6 4. Be2 c6 5. 0-0 e6 6. c4 Ne7 7. Nc3 0-0 8. Be3 h6 9. Qd2 Kh7 10. Rfd1 Nd7 11. Bf4 d5 12. cxd5 exd5 13. exd5 Nxd5 14. Nxd5 cxd5 15. Rac1 1/2-1/2

[Event "EU-ch U18"]
[Site "Herceg Novi"]
[Date "2006.09.16"]
[Round "6"]
[White "Enchev, Ivajlo"]
[Black "Lehmann, Andreas"]
[Result "1/2-1/2"]
[WhiteElo "2238"]
[BlackElo "2139"]
[PlyCount "72"]
[EventDate "2006.09.10"]
[EventType "swiss"]
[EventRounds "9"]
[EventCountry "MNE"]
[SourceTitle "CBM 114 Extra"]
[Source "ChessBase"]
[SourceDate "2006.11.03"]
[SourceVersion "1"]
[SourceVersionDate "2006.11.03"]
[SourceQuality "1"]

1. c4 c6 2. e4 d5 3. exd5 cxd5 4. cxd5 Nf6 5. Qa4+ Nbd7 6. Nc3 g6 7. Nf3 Bg7 8. d4 0-0 9. Qb3 Nb6 10. Be2 Nfxd5 11. 0-0 Be6 12. Qd1 Nxc3 13. bxc3 Rc8 14. Bd2 Bc4 15. Re1 Re8 16. h4 Qd5 17. Bxc4 Nxc4 18. Bf4 Qf5 19. Bg3 e5 20. dxe5 Nxe5 21. Nxe5 Bxe5 22. Qa4 Re6 23. Bxe5 Rxe5 24. Qxa7 Rxe1+ 25. Rxe1 Qd5 26. Re3 b5 27. Qd4 Qxd4 28. cxd4 Rc1+ 29. Kh2 Rd1 30. Re5 Rxd4 31. h5 Kg7 32. Rxb5 Rd2 33. a4 Rxf2 34. hxg6 hxg6 35. Ra5 Ra2 36. Kg3 Kf6 1/2-1/2

[Event "EU-ch U18"]
[Site "Herceg Novi"]
[Date "2006.09.12"]
[Round "3"]
[White "Lehmann, Andreas"]
[Black "Lapcevic, Milos"]
[Result "0-1"]
[WhiteElo "2139"]
[BlackElo "2309"]
[PlyCount "88"]
[EventDate "2006.09.10"]
[EventType "swiss"]
[EventRounds "9"]
[EventCountry "MNE"]
[SourceTitle "CBM 114 Extra"]
[Source "ChessBase"]
[SourceDate "2006.11.03"]
[SourceVersion "1"]
[SourceVersionDate "2006.11.03"]
[SourceQuality "1"]

1. e4 c5 2. Nf3 e6 3. d4 cxd4 4. Nxd4 a6 5. Bd3 Bc5 6. Nb3 Ba7 7. c4 Nc6 8. Nc3 d6 9. 0-0 Nf6 10. Qe2 0-0 11. Be3 Bxe3 12. Qxe3 Ne5 13. h3 Qc7 14. Rad1 b6 15. f4 Ng6 16. e5 dxe5 17. Bxg6 hxg6 18. Qxe5 Qxc4 19. Rd4 Qc6 20. Rd6 Qb7 21. Qd4 b5 22. Rd1 Qe7 23. Nc5 Bb7 24. Nd7 Rfe8 25. Nxf6+ Qxf6 26. Qxf6 gxf6 27. Rb6 Re7 28. a4 bxa4 29. Rd4 a3 30. bxa3 Rc8 31. Ne4 Kg7 32. Nd6 Rc1+ 33. Kh2 Bd5 34. Rd2 Rc6 35. Rdb2 a5 36. Rxc6 Bxc6 37. Rb6 Rc7 38. Rb2 Bd7 39. Rd2 Kf8 40. Ne4 Ke7 41. g4 Ba4 42. Rd4 Rc2+ 43. Kg3 Bc6 44. a4 e5 0-1

[Event "EU-ch U18"]
[Site "Herceg Novi"]
[Date "2006.09.10"]
[Round "1"]
[White "Lehmann, Andreas"]
[Black "Lovkov, Roman"]
[Result "0-1"]
[WhiteElo "2139"]
[BlackElo "2384"]
[PlyCount "90"]
[EventDate "2006.09.10"]
[EventType "swiss"]
[EventRounds "9"]
[EventCountry "MNE"]
[SourceTitle "CBM 114 Extra"]
[Source "ChessBase"]
[SourceDate "2006.11.03"]
[SourceVersion "1"]
[SourceVersionDate "2006.11.03"]
[SourceQuality "1"]

1. e4 c5 2. Nf3 d6 3. Bb5+ Bd7 4. Bxd7+ Qxd7 5. 0-0 Nc6 6. c3 Nf6 7. Re1 e6 8. d4 cxd4 9. cxd4 d5 10. e5 Ne4 11. Nbd2 Nxd2 12. Bxd2 Be7 13. a3 0-0 14. b4 b5 15. Rc1 a5 16. Bg5 axb4 17. Bxe7 Nxe7 18. axb4 Ra4 19. Qd2 Nc8 20. Rc5 Nb6 21. Rb1 Nc4 22. Qf4 Rfa8 23. h4 Ra2 24. h5 h6 25. g4 Re2 26. g5 Re4 27. Qg3 hxg5 28. Qxg5 Qd8 29. Qxd8+ Rxd8 30. Ra1 Rf4 31. Kg2 Rf5 32. Rxb5 Rxh5 33. Rb7 Rf5 34. Raa7 g5 35. b5 Kg7 36. Kg3 Kg6 37. b6 Rc8 38. Ra6 Nxb6 39. Raxb6 Rc3 40. Rb2 Rfxf3+ 41. Kg2 Rf4 42. Rb8 Rxd4 43. Rg8+ Kf5 44. Rb7 Kxe5 45. Rxf7 g4 0-1

[Event "SUI-ch int"]
[Site "Saas Almagell"]
[Date "2005.07.08"]
[Round "2"]
[White "Lehmann, Andreas"]
[Black "Hochstrasser, Michael"]
[Result "1/2-1/2"]
[WhiteElo "2150"]
[BlackElo "2372"]
[PlyCount "63"]
[EventDate "2005.07.07"]
[EventType "swiss"]
[EventRounds "9"]
[EventCountry "SUI"]
[SourceTitle "CBM 107 Extra"]
[Source "ChessBase"]
[SourceDate "2005.09.01"]
[SourceVersion "1"]
[SourceVersionDate "2005.09.01"]
[SourceQuality "1"]

1. e4 e6 2. d4 d5 3. Nc3 Bb4 4. e5 c5 5. a3 Bxc3+ 6. bxc3 Ne7 7. Qg4 0-0 8. Bd3 Nbc6 9. Qh5 Ng6 10. Nf3 Qc7 11. Be3 c4 12. Bxg6 fxg6 13. Qg4 Bd7 14. h4 Rf5 15. h5 gxh5 16. Rxh5 Rxh5 17. Qxh5 Be8 18. Qh3 Nd8 19. Bg5 Bf7 20. Kd2 Qd7 21. Rh1 Bg6 22. Bxd8 Rxd8 23. Ng5 Re8 24. Nxh7 Qa4 25. Nf6+ Kf7 26. Rc1 gxf6 27. Qh4 fxe5 28. dxe5 Bf5 29. Qf6+ Kg8 30. Qg5+ Kf7 31. Qf6+ Kg8 32. Qg5+ 1/2-1/2

[Event "Samnaun HT1"]
[Site "Samnaun"]
[Date "2004.07.15"]
[Round "8"]
[White "Lehmann, Andreas"]
[Black "Jurek, Josef"]
[Result "0-1"]
[WhiteElo "2117"]
[BlackElo "2387"]
[PlyCount "72"]
[EventDate "2004.07.08"]
[EventType "swiss"]
[EventRounds "9"]
[EventCountry "SUI"]
[SourceTitle "EXT 2005"]
[Source "ChessBase"]
[SourceDate "2004.11.15"]
[SourceVersion "1"]
[SourceVersionDate "2004.11.15"]
[SourceQuality "1"]

1. e4 c5 2. c3 Nf6 3. e5 Nd5 4. d4 cxd4 5. Nf3 e6 6. cxd4 d6 7. exd6 Bxd6 8. Nc3 Nxc3 9. bxc3 Qc7 10. Bd2 Nd7 11. Bd3 b6 12. 0-0 Bb7 13. h3 0-0 14. Rc1 e5 15. Ng5 Nf6 16. Qc2 h6 17. Ne4 Nxe4 18. Bxe4 exd4 19. Bxb7 Qxb7 20. cxd4 Ba3 21. Rcd1 Rfd8 22. Bf4 Rd5 23. Qb3 Be7 24. Rfe1 Rad8 25. Rc1 R8d7 26. Rc7 Rxc7 27. Bxc7 Rd7 28. Be5 Kf8 29. Qe3 Qd5 30. Bf6 Qd6 31. Be5 Qa3 32. Qe4 Qa5 33. Rc1 f6 34. Rc8+ Kf7 35. Qf5 Rxd4 36. f4 g6 0-1